| 000 | 02108nam a2200505 i 4500 | ||
|---|---|---|---|
| 005 | 20220317002056.0 | ||
| 007 | ta | ||
| 008 | 201209s2017 ck o er 000 p spa d | ||
| 020 | _a9789585944664 | ||
| 040 |
_aCO-BoRNBP _bspa _erda _cCO-BoRNBP |
||
| 041 | 0 | _aspa | |
| 084 | _aP VID3 | ||
| 100 | 1 |
_aVidales, Luis _d1900-1990 _eautor |
|
| 245 | 1 | 0 |
_aSuenan timbres & 13 textos testimoniales _cLuis Vidales |
| 246 | 3 | 3 | _aSuenan timbres y trece textos testimoniales |
| 250 | _aQuinta edición | ||
| 264 | 1 |
_aBogotá _bLetra a letra _bDomingo atrasado _c2017 |
|
| 300 |
_a298 página, [12] láminas _bilustraciones, fotografías _c20 cm |
||
| 336 |
_2rdacontent _atexto _btxt |
||
| 337 |
_2rdamedia _asin mediación _bn |
||
| 338 |
_2rdacarrier _avolumen _bnc |
||
| 500 | _aIncluye galería de imágenes al final del texto | ||
| 521 | _aRecomendado para público adulto | ||
| 600 | 1 | 4 |
_aVidales, Luis _d1900-1990 _xCritica e interpretación _9164198 |
| 650 | 1 | 7 |
_aPoesía colombiana _ySiglo XX _2LEMB |
| 650 | 1 | 7 |
_aLiteratura colombiana _ySiglo XX _2LEMB |
| 650 | 1 | 7 |
_aAutores colombianos _ySiglo XX _xHistoria y critica _2LEMB |
| 650 | 1 | 7 |
_aPoesía colombiana _xHistoria y critica _xAntologías _ySiglo XX _2LEMB |
| 700 | 1 |
_aRoca, Juan Manuel _d1946- _eautor _94374 |
|
| 700 | 1 |
_aTejada Cano, Luis _d1898-1924 _eautor _9169966 |
|
| 700 | 1 |
_aBernárdez, Francisco Luis _eautor _9169967 |
|
| 700 | 1 |
_aLleras Camargo, Alberto _d1906-1990 _eautor _920641 |
|
| 700 | 1 |
_aCarranza, Eduardo _d1913-1985 _eautor _9169968 |
|
| 700 | 1 |
_aVidales, Carlos _eautor _9169969 |
|
| 700 | 1 |
_aCobo Borda, Juan Gustavo _d1948- _eautor _917299 |
|
| 700 | 1 |
_aCarranza, María Mercedes _d1945-2003 _eautora _9169970 |
|
| 700 | 1 |
_aArévalo, Milcíades _d1943- _eautor _9169971 |
|
| 700 | 1 |
_aMartínez González, Guillermo _d1952- _eautor _950431 |
|
| 700 | 1 |
_aMoyano, Juan Carlos _eautor _9169972 |
|
| 700 | 1 |
_aQuintero Ossa, Robinson _d1959- _eautor _986380 |
|
| 700 | 1 |
_aPeña Gutiérrez, Isaías _d1943- _eautor _976189 |
|
| 700 | 1 |
_aVieira, Gilberto _eautor _9169973 |
|
| 700 | 1 |
_aRodríguez Tosca, Alberto _eautor _950501 |
|
| 942 |
_2loc _cBKLIT |
||
| 999 |
_c9104 _d9104 |
||